Normal view
MARC view
- Wortman, Max Sidones,
Entry Personal Name
001 - CONTROL NUMBER
- control field: 6278
003 - CONTROL NUMBER IDENTIFIER
- control field: OSt
005 - DATE AND TIME OF LATEST TRANSACTION
- control field: 20170519085551.0
008 - FIXED-LENGTH DATA ELEMENTS
- fixed length control field: 170519|| aca||aabn | a|a d
040 ## - CATALOGING SOURCE
- Original cataloging agency: OSt
- Transcribing agency: OSt
100 ## - HEADING--PERSONAL NAME
- Personal name: Wortman, Max Sidones,
- Dates associated with a name: 1932-
670 ## - SOURCE DATA FOUND
- Source citation: Work cat.: (OSt): Wortman, Max Sidones, 1932-, Emerging concepts in management:, [1975]

PORTAL AKMAL
E-MEL JKDM
AKMAL2U
G-BAM
u-PUSTAKA